000
00310nam a22001217a 4500
008
150309b xxu||||| |||| 00| 0 eng d
020
_a
9780600628866
050
_a
AG 243 .A5819 2015
245
_a
Top 10 of Everything 2015
260
_a
United Kingdom
_b
Hamlyn
_c
2014
300
_a
320 p.
942
_2
lcc
_c
BK
999
_c
283754
_d
283754